Word Ladder: Maine Quiz Stats

 Plays Quiz Updated Jul 20, 2017

Support Sporcle.
Go Orange.
Score 0/12 Timer 01:30
0 Plays Today
Hint 4-Letter Word % Correct
Sheet of glass placed in a windowPANE
96.1%
● Acadia National ____●PARK●
96.1%
Where one rolls a bowling ballLANE
95.8%
A piece of the wholePART
94.6%
Short, hurried breathPANT
93.3%
● Maine state nickname, The ____ Tree State ●●PINE●
89.5%
Employment benefitPERK
89.3%
A long, narrow mark or bandLINE
88.9%
Reach the most efficient performancePEAK
86.6%
Low-fatLEAN
84.8%
● Maine founded and based company, L.L. ____●BEAN●
84.4%
A hole where liquid enters or escapesLEAK
82.5%

Today's Daily Dose

Word Ladder
New Dimensions!

Quick Pick
'Animal' Fish

Get the Picture
Bird or Food?

You're not logged in!

Compare scores with friends on all Sporcle quizzes.
OR
Log In
Forgot?

From the Vault

MLB: Late Round Stars Slideshow

by Hejman

Sometimes, it's better late than never.
Remove Ads.
Support Sporcle.
Get the best of Sporcle when you Go Orange. This ad-free experience offers more features, more stats, and more fun while also helping to support Sporcle. Thank you for becoming a member.

Show Comments

Extras

Top Quizzes Today


Score Distribution

Your Account Isn't Verified!

In order to create a playlist on Sporcle, you need to verify the email address you used during registration. Go to your Sporcle Settings to finish the process.

Report this User

Report this user for behavior that violates our Community Guidelines.

Details: